| 000 | 00928nam a22002897a 4500 | ||
|---|---|---|---|
| 001 | 7818 | ||
| 003 | FISKH | ||
| 005 | 20250811115800.0 | ||
| 008 | 250811b cb ||||| |||| 00| 0 eng d | ||
| 040 |
_aFISKH _beng _cFISKH _dFISKH |
||
| 050 | _aPZ8.D28 R | ||
| 082 | _a398.2094302 | ||
| 100 | _aDavidson, Susanna | ||
| 245 |
_aRapunzel / _cRetold by Susanna Davidson ; Illustrated by Desideria Guicciardini |
||
| 250 | _aThis edition first published in 2005 | ||
| 260 |
_aLondon : _bUsborne, _c2005 |
||
| 300 |
_a48 pages : _bcolor illustrations ; _c20 cm |
||
| 505 | _aN | ||
| 520 | _aThis is the classic story of the beautiful Rapunzel, who is imprisoned in a tower by an evil witch. | ||
| 521 | 8 |
_a570
_bLexile |
|
| 521 | 8 |
_aN
_bRaz-Plus |
|
| 650 |
_2Usborne _aFairy tale |
||
| 650 |
_2Folktales _aLeveled Readers |
||
| 700 |
_aGuicciardini, Desideria _dillustrator |
||
| 942 |
_2ddc _cBK _n0 |
||
| 999 |
_c7818 _d7818 |
||